| 000 | 00918nac a22002411u 4500 | ||
|---|---|---|---|
| 010 | _a008073407 | ||
| 020 | _a0471910295 | ||
| 082 |
_a618.9215 _bH581 |
||
| 090 |
_c3398 _d3398 |
||
| 100 | _a Hinchliffe, R.F. | ||
| 245 |
_aPractical paediatric haematology : _ba laboratory worker’s guide to blood disorders in children / _cedited by and J.S. Lilleyman. |
||
| 260 |
_aChichester : _bWiley, C.1987. _c C.1987. |
||
| 300 |
_ax,410p. : _b ill. ; _c24cm. |
||
| 500 | _aDonations. | ||
| 500 | _aDonations - Bibliotheca Alexandrina. | ||
| 504 | _aIncludes bibliographies and index. | ||
| 650 | _aPediatric hematology. | ||
| 650 | _aChildren Blood Diseases . | ||
| 700 | _aHinchliffe, R. F. | ||
| 700 | _aLilleyman, J. S. (John Stuart) | ||
| 942 |
_cBB _k618.9215H581 |
||
| 999 |
_c3398 _d3398 |
||